[Event "Ungdoms-DM U14 2025"]
[Site "Odense"]
[Date "2025.09.26"]
[Round "1"]
[White "Nielsen, Johannes Smedegaard"]
[Black "Sandmann, Villads Majvang"]
[Result "0-1"]
[WhiteElo "1664"]
[BlackElo "2178"]
[WhiteFideId "1472860"]
[BlackFideId "1472313"]
[EventDate "2025.09.26"]
[EventType "swiss"]
[EventRounds "5"]
[EventCountry "DEN"]
[SourceTitle "Turneringssystemet"]

1. e4 c5 2. Nf3 d6 3. Bc4 Nf6 4. d3 Nc6 5. c3 g6 6. O-O Bg7 7. Bf4 O-O 8. Nbd2 a6 9. a4 b6 10. Re1 Bb7 11. Rb1 Nd7 12. Qc2 Rc8 13. Ng5 Nde5 14. Bxe5 Nxe5 15. Ba2 h6 16. Ngf3 Nc6 17. Nh4 e6 18. g3 d5 19. exd5 exd5 20. Re2 Qd6 21. Rbe1 Ne5 22. Ndf3 Rfe8 23. Nxe5 Rxe5 24. Rxe5 Bxe5 25. Qe2 Bf6 26. Ng2 Kg7 27. Nf4 Rc7 28. Qd1 Bg5 29. Nh3 Bf6 30. Nf4 Be5 31. Ng2 d4 32. f4 Bf6 33. c4 Qc6 34. Re2 Re7 35. Bb3 h5 36. Qf1 Rxe2 37. Qxe2 h4 38. gxh4 Bxh4 39. Bc2 Bd8 40. Qe4 Qc7 41. Qe2 Bxg2 42. Kxg2 Qxf4 43. Qf3 Qc1 44. Bd1 Qxb2+ 45. Qe2 Qc1 46. Qf3 Bc7 47. h3 Qd2+ 48. Qe2 Qf4 49. Qf3 Qe5 50. Be2 Qg5+ 51. Kf2 Bf4 52. Qg4 Kh6 53. Kf3 Be5 54. h4 Qxg4+ 55. Kxg4 f5+ 56. Kh3 g5 57. h5 g4+ 58. Bxg4 fxg4+ 59. Kxg4 Bc7 60. Kf5 Kxh5 61. Ke6 Bf4 62. Kd5 Bd2 63. Kc6 Ba5 64. Kb7 Kg4 65. Kxa6 Kf3 0-1

[Event "Ungdoms-DM U14 2025"]
[Site "Odense"]
[Date "2025.09.26"]
[Round "1"]
[White "Shajan, Alan Pattayil"]
[Black "Mortensen, Philip"]
[Result "1-0"]
[WhiteElo "1992"]
[BlackElo "1612"]
[WhiteFideId "33436134"]
[BlackFideId "1483692"]
[EventDate "2025.09.26"]
[EventType "swiss"]
[EventRounds "5"]
[EventCountry "DEN"]
[SourceTitle "Turneringssystemet"]

1. e4 c5 2. Nf3 d6 3. Bb5+ Bd7 4. Bxd7+ Nxd7 5. c4 Ngf6 6. Nc3 g6 7. d4 cxd4 8. Nxd4 Bg7 9. Be3 O-O 10. O-O Qc7 11. b3 a6 12. Rc1 Rfe8 13. f3 Rac8 14. Qd2 Nc5 15. Rfd1 Rcd8 16. Rc2 e6 17. Qf2 d5 18. cxd5 exd5 19. Na4 Bf8 20. b4 b6 21. Rdc1 Nfd7 22. bxc5 bxc5 23. Ne2 dxe4 24. Nxc5 Nxc5 25. Bxc5 exf3 26. Qxf3 Bg7 27. Bf2 Qe7 28. Rc7 Rd7 29. Rxd7 Qxd7 30. Ng3 Qd2 31. Qc6 Re2 32. Nxe2 Qxe2 33. Qc8+ Bf8 34. Bc5 Qxa2 35. Qxf8# 1-0

[Event "Ungdoms-DM U14 2025"]
[Site "Odense"]
[Date "2025.09.26"]
[Round "1"]
[White "Ravikumar, Hanesh"]
[Black "Vishart Lang, Dexter"]
[Result "1-0"]
[WhiteElo "1969"]
[BlackElo "1500"]
[WhiteFideId "1481878"]
[BlackFideId ""]
[EventDate "2025.09.26"]
[EventType "swiss"]
[EventRounds "5"]
[EventCountry "DEN"]
[SourceTitle "Turneringssystemet"]

1. c4 e5 2. g3 c6 3. d4 e4 4. Nc3 d5 5. Bg2 Nf6 6. Bg5 Be7 7. Nh3 h6 8. Bxf6 Bxf6 9. Nf4 Bg5 10. Nh3 Bg4 11. cxd5 cxd5 12. Qb3 Be6 13. O-O Nc6 14. e3 O-O 15. Nxg5 Qxg5 16. Qxb7 Rac8 17. Qb5 Rfd8 18. Rac1 Bd7 19. Qxd5 Qxd5 20. Nxd5 Be6 21. Nc3 Bc4 22. Rfd1 Nb4 23. Bxe4 Bxa2 24. Nxa2 Nxa2 25. Rxc8 Rxc8 26. Ra1 Nc1 27. Rxa7 Nb3 28. Bd5 Rc1+ 29. Kg2 Nd2 30. b4 Rb1 31. Ra2 Nb3 32. Ra8+ Kh7 33. Be4+ 1-0

[Event "Ungdoms-DM U14 2025"]
[Site "Odense"]
[Date "2025.09.26"]
[Round "1"]
[White "Perapechka, Daniil"]
[Black "Fyhn, Buster Hulthin"]
[Result "0-1"]
[WhiteElo "1491"]
[BlackElo "1918"]
[WhiteFideId "1485652"]
[BlackFideId "1481800"]
[EventDate "2025.09.26"]
[EventType "swiss"]
[EventRounds "5"]
[EventCountry "DEN"]
[SourceTitle "Turneringssystemet"]

1. e4 c6 2. d4 d5 3. exd5 cxd5 4. Nf3 Nc6 5. Nc3 Bg4 6. Be3 Nf6 7. h3 Bh5 8. Be2 e6 9. Qd2 Bd6 10. O-O-O a6 11. Rhg1 Bg6 12. a3 Rc8 13. Nh4 Qa5 14. Nxg6 hxg6 15. Kb1 b5 16. Na2 Qb6 17. Rh1 Ne4 18. Qd3 Na5 19. f3 Ng3 20. Rhg1 Nxe2 21. Qxe2 Nc4 22. Bd2 a5 23. c3 Kd7 24. Rc1 Ra8 25. Be1 Rhb8 26. Rh1 Qa6 27. b3 Nxa3+ 28. Kb2 a4 29. b4 Nc4+ 30. Kb1 a3 31. g4 Bf4 32. Rc2 Rb7 33. h4 Rba7 34. h5 Qa4 35. hxg6 Qb3+ 36. Ka1 Qb2+ 37. Rxb2 axb2+ 38. Kb1 Rxa2 39. Qxb2 Rxb2# 0-1

[Event "Ungdoms-DM U14 2025"]
[Site "Odense"]
[Date "2025.09.26"]
[Round "1"]
[White "Bekmukhanov, Sauran"]
[Black "Borgesen, Asmund Bech"]
[Result "1/2-1/2"]
[WhiteElo "1914"]
[BlackElo "1575"]
[WhiteFideId "1472844"]
[BlackFideId "1480367"]
[EventDate "2025.09.26"]
[EventType "swiss"]
[EventRounds "5"]
[EventCountry "DEN"]
[SourceTitle "Turneringssystemet"]

1. e4 e5 2. Nf3 Nc6 3. Bc4 f5 4. d3 Nf6 5. Nc3 Bb4 6. Bd2 d6 7. Qe2 Na5 8. Bb3 Nxb3 9. axb3 O-O 10. h3 Bxc3 11. bxc3 fxe4 12. dxe4 Qe7 13. c4 b6 14. Bc3 Bb7 15. Nd2 Qf7 16. O-O-O a5 17. Kb2 Qd7 18. f3 a4 19. Nf1 Ba6 20. Bxe5 b5 21. cxb5 Bxb5 22. Qd2 dxe5 23. Ne3 Qxd2 24. Rxd2 axb3 25. cxb3 Rfd8 26. Rc2 c6 27. Rhc1 Rd6 28. Nf5 Rd7 29. g4 g6 30. Nh6+ Kg7 31. g5 Nh5 32. Ng4 Re8 33. Rc5 Rde7 34. R1c2 Nf4 35. R5c3 Nxh3 36. Nf6 Rd8 37. Nxh7 Kxh7 38. Rh2 Kg7 39. Rxh3 Rd2+ 40. Ka3 Ra7+ 41. Kb4 Rd4+ 42. Kc5 Rb7 43. Rc2 Bd3 44. Rch2 Rb5+ 45. Kxc6 Kf7 46. Rh8 Ke6 47. R2h7 Rd6+ 48. Kc7 Rc5+ 49. Kb7 Rb5+ 50. Kc7 Rc5+ 51. Kb7 Rb5+ 52. Kc7 Rc5+ 53. Kb7 Rd7+ 54. Rxd7 Kxd7 55. Rh7+ Kd6 56. Rg7 Rb5+ 57. Ka7 1/2-1/2

[Event "Ungdoms-DM U14 2025"]
[Site "Odense"]
[Date "2025.09.26"]
[Round "1"]
[White "Waage, Sixten Storm"]
[Black "Kamal, Yogasimman"]
[Result "0-1"]
[WhiteElo "1426"]
[BlackElo "1830"]
[WhiteFideId ""]
[BlackFideId "1477196"]
[EventDate "2025.09.26"]
[EventType "swiss"]
[EventRounds "5"]
[EventCountry "DEN"]
[SourceTitle "Turneringssystemet"]

1. d4 d5 2. Bf4 c5 3. e3 Nc6 4. Nf3 cxd4 5. Nxd4 Nf6 6. Nc3 a6 7. Bd3 e6 8. Nxc6 bxc6 9. a3 Bd6 10. Bxd6 Qxd6 11. e4 d4 12. Ne2 e5 13. c3 c5 14. Qd2 Be6 15. c4 Qb6 16. b4 Rb8 17. Rb1 Qc6 18. b5 axb5 19. cxb5 Qc7 20. a4 c4 21. Qc2 Qc8 22. Rb4 cxd3 23. Qxd3 Qc5 24. Rb2 Bc4 25. Qb1 Bxe2 26. Kxe2 Qc4+ 27. Qd3 Qxd3+ 28. Kxd3 Ke7 29. Rc1 Kd7 30. a5 Rhc8 31. Rxc8 Kxc8 32. a6 Kc7 33. a7 Ra8 34. b6+ Kb7 35. f3 Nd7 36. Rb5 f6 37. f4 Re8 38. fxe5 fxe5 39. g4 Nxb6 40. a8=Q+ Rxa8 41. Rxe5 Rd8 42. Rb5 Kc6 43. Rh5 h6 44. g5 hxg5 45. Rxg5 Rd7 46. h4 Na4 47. Rg6+ Kb5 48. e5 Nc5+ 49. Kd2 d3 50. Rg5 Ne4+ 51. Kd1 Nxg5 52. hxg5 Re7 53. Kd2 Kc4 0-1

[Event "Ungdoms-DM U14 2025"]
[Site "Odense"]
[Date "2025.09.26"]
[Round "1"]
[White "Justesen, Laurits Skovgaard"]
[Black "Andersen, Andrea Kildebjerg"]
[Result "1-0"]
[WhiteElo "1815"]
[BlackElo "1363"]
[WhiteFideId "1482300"]
[BlackFideId "1487639"]
[EventDate "2025.09.26"]
[EventType "swiss"]
[EventRounds "5"]
[EventCountry "DEN"]
[SourceTitle "Turneringssystemet"]

1. c4 e5 2. g3 Nc6 3. Nc3 Nf6 4. Bg2 Bc5 5. Nf3 d6 6. a3 a6 7. O-O O-O 8. b4 Ba7 9. Bb2 Be6 10. d3 Qd7 11. Ng5 Bg4 12. h3 Bh5 13. Qd2 Rab8 14. Nd5 Qd8 15. Kh1 Ne7 16. f4 Nfxd5 17. cxd5 f6 18. Ne6 Qd7 19. Nxf8 Rxf8 20. f5 Nxf5 21. Rxf5 Qxf5 22. g4 Bxg4 23. e4 Qd7 24. hxg4 Qxg4 25. d4 c5 26. bxc5 dxc5 27. dxe5 f5 28. Qe3 f4 29. Qh3 Qg5 30. Rf1 Bb8 31. Rf3 Bxe5 32. Qe6+ Kh8 33. Qxe5 Qg4 34. Qxg7+ Qxg7 35. Bxg7+ Kxg7 36. Bh3 Rd8 37. Rxf4 c4 38. Be6 Rf8 39. Rxf8 Kxf8 40. d6 Ke8 41. Bxc4 Kd7 42. e5 b5 43. Bd3 h6 44. Kg2 Kc6 45. Bf5 a5 46. Be4+ Kd7 47. Bd3 b4 48. axb4 axb4 49. Bc4 Kc6 50. Kf3 Kd7 51. Ke4 Kc6 52. Bb5+ Kxb5 53. d7 h5 54. d8=Q b3 55. Qe8+ Kc4 56. Qxh5 b2 57. Qe2+ Kb3 58. Qxb2+ Kxb2 59. e6 1-0

[Event "Ungdoms-DM U14 2025"]
[Site "Odense"]
[Date "2025.09.26"]
[Round "1"]
[White "Kodiraliev, Kamron"]
[Black "Khandelia, Atharva"]
[Result "0-1"]
[WhiteElo "1553"]
[BlackElo "1697"]
[WhiteFideId "1481860"]
[BlackFideId "1473255"]
[EventDate "2025.09.26"]
[EventType "swiss"]
[EventRounds "5"]
[EventCountry "DEN"]
[SourceTitle "Turneringssystemet"]

1. e4 e5 2. Nf3 Nc6 3. Bc4 Bc5 4. d3 d6 5. Ng5 Be6 6. Nxe6 fxe6 7. Bxe6 Qf6 8. O-O Qxe6 9. Be3 Bxe3 10. fxe3 O-O-O 11. Nc3 Nf6 12. Qf3 Qg4 13. Rad1 Qxf3 14. Rxf3 Rhf8 15. h3 Nh5 16. Rxf8 Rxf8 17. d4 exd4 18. exd4 Rf4 19. g4 Nf6 20. d5 Ne5 21. Rd4 Nf3+ 22. Kg2 Nxd4 23. Kg3 g5 24. b4 Nxe4+ 25. Nxe4 Rxe4 26. h4 gxh4+ 27. Kxh4 Kd7 28. Kh5 Ke7 29. g5 Nf5 30. g6 Kf6 31. gxh7 Rh4# 0-1

[Event "Ungdoms-DM U14 2025"]
[Site "Odense"]
[Date "2025.09.26"]
[Round "1"]
[White "Henriksen, Otto Skovslund"]
[Black "Jensen, Helena Egilstrod"]
[Result "1-0"]
[WhiteElo "1765"]
[BlackElo "1329"]
[WhiteFideId "1484583"]
[BlackFideId "1484591"]
[EventDate "2025.09.26"]
[EventType "swiss"]
[EventRounds "5"]
[EventCountry "DEN"]
[SourceTitle "Turneringssystemet"]

1. Nf3 e6 2. d4 Nc6 3. c4 d5 4. g3 Nf6 5. Bg2 Be7 6. O-O Ne4 7. Nbd2 Ng5 8. a3 O-O 9. Qc2 b6 10. cxd5 exd5 11. Qxc6 Rb8 12. Nxg5 Bxg5 13. Nf3 Bf6 14. Bf4 Bb7 15. Qxc7 Ba6 16. Qxb8 Qxb8 17. Bxb8 Rxb8 18. Rac1 Bxe2 19. Rfe1 Bb5 20. Ne5 h6 21. Rc3 Bg5 22. f4 Bf6 23. Rec1 Ba6 24. Rc7 b5 25. Nd7 Rd8 26. Nxf6+ Kh8 27. Rd7 Rb8 28. Nxd5 Bc8 29. Rxf7 Be6 30. Rfc7 a5 31. Ne7 b4 32. Rc8+ Bxc8 33. Rxc8+ Rxc8 34. Nxc8 b3 35. d5 1-0

[Event "Ungdoms-DM U14 2025"]
[Site "Odense"]
[Date "2025.09.27"]
[Round "2"]
[White "Sandmann, Villads Majvang"]
[Black "Justesen, Laurits Skovgaard"]
[Result "1-0"]
[WhiteElo "2178"]
[BlackElo "1815"]
[WhiteFideId "1472313"]
[BlackFideId "1482300"]
[EventDate "2025.09.26"]
[EventType "swiss"]
[EventRounds "5"]
[EventCountry "DEN"]
[SourceTitle "Turneringssystemet"]

1. d4 Nf6 2. c4 c5 3. d5 d6 4. Nc3 g6 5. e4 Bg7 6. Bd3 O-O 7. Nf3 Bg4 8. h3 Bxf3 9. Qxf3 Na6 10. a3 Nd7 11. Qe2 Qa5 12. Bd2 Nb4 13. O-O Nxd3 14. Qxd3 Ne5 15. Qe2 Qa6 16. b3 e6 17. a4 Rad8 18. Nb5 exd5 19. exd5 b6 20. a5 Qb7 21. a6 Qb8 22. f4 Nd7 23. Rae1 Rde8 24. Qf3 Nf6 25. Bc3 Rxe1 26. Rxe1 Re8 27. Re3 Kf8 28. Bxf6 Bxf6 29. Rxe8+ Qxe8 30. Kf2 Qd7 31. Qg4 Bd4+ 32. Nxd4 Qxg4 33. hxg4 cxd4 34. Ke2 f6 35. Kd3 Ke7 36. g5 fxg5 37. fxg5 Kd7 38. Kxd4 Kc7 39. b4 Kd7 40. c5 Kc7 41. cxd6+ Kxd6 42. b5 Kd7 43. Ke5 1-0

[Event "Ungdoms-DM U14 2025"]
[Site "Odense"]
[Date "2025.09.27"]
[Round "2"]
[White "Kamal, Yogasimman"]
[Black "Shajan, Alan Pattayil"]
[Result "1/2-1/2"]
[WhiteElo "1830"]
[BlackElo "1992"]
[WhiteFideId "1477196"]
[BlackFideId "33436134"]
[EventDate "2025.09.26"]
[EventType "swiss"]
[EventRounds "5"]
[EventCountry "DEN"]
[SourceTitle "Turneringssystemet"]

1. e4 c6 2. d4 d5 3. Nc3 dxe4 4. Nxe4 Bf5 5. Ng3 Bg6 6. h4 h6 7. Nf3 Nd7 8. Bd3 Bxd3 9. Qxd3 Ngf6 10. Bd2 e6 11. O-O Be7 12. c4 O-O 13. Rae1 Re8 14. Re2 Qc7 15. Rfe1 Red8 16. Qc2 Bf8 17. Qc1 Rac8 18. Bf4 Bd6 19. Be5 c5 20. Qf4 Nf8 21. Bxd6 Qxd6 22. Qxd6 Rxd6 23. dxc5 Rxc5 24. b3 Ng6 25. Ne4 Nxe4 26. Rxe4 Rc8 27. g3 a5 28. Ne5 Nf8 29. R1e2 a4 30. c5 Rd1+ 31. Kg2 axb3 32. axb3 Rxc5 33. Rb4 Rdd5 34. Nf3 Rb5 35. Ree4 Nd7 36. Red4 Rxb4 37. Rxb4 b6 38. Nd4 Kf8 39. Nc6 Rd6 40. Rc4 g6 41. Nb8 Nxb8 42. Rc8+ Kg7 43. Rxb8 f5 44. f4 Kf6 45. Rf8+ Kg7 46. Rb8 Kf7 47. b4 Ke7 48. Rb7+ Kf6 49. Rb8 g5 50. fxg5+ hxg5 51. h5 g4 52. Rg8 Rd7 53. Rb8 Rd6 54. Rg8 Kf7 55. Rg5 Rd8 56. h6 Rh8 57. Rg7+ Rd8 58. Rg5 Rg8 59. Rh5 Rd8 60. Rg5 Rh8 61. Rg7+ Rg8 62. Rg5 Rh8 63. h7 Rxh7 64. Rg8 Rh8 65. Rb8 Kg7 66. Rb7+ 1/2-1/2

[Event "Ungdoms-DM U14 2025"]
[Site "Odense"]
[Date "2025.09.27"]
[Round "2"]
[White "Ahl, Eskil Rosenlund"]
[Black "Henriksen, Otto Skovslund"]
[Result "1-0"]
[WhiteElo "1898"]
[BlackElo "1765"]
[WhiteFideId "1481789"]
[BlackFideId "1484583"]
[EventDate "2025.09.26"]
[EventType "swiss"]
[EventRounds "5"]
[EventCountry "DEN"]
[SourceTitle "Turneringssystemet"]

1. e4 c5 2. Nf3 e6 3. d3 d5 4. Nbd2 Nc6 5. g3 Nf6 6. Bg2 Bd6 7. O-O O-O 8. Re1 e5 9. exd5 Nxd5 10. Nc4 f6 11. Nxd6 Qxd6 12. Nd2 Be6 13. Ne4 Qe7 14. c3 Rfd8 15. Qe2 Rac8 16. Be3 b6 17. h4 Rd7 18. a3 Rcd8 19. Rad1 h6 20. g4 Nf4 21. Bxf4 exf4 22. Nxf6+ Qxf6 23. Qxe6+ Qxe6 24. Rxe6 Rd6 25. Rde1 Kf7 26. R6e2 R8d7 27. h5 Re7 28. Be4 Kf6 29. Bxc6 Rxe2 30. Rxe2 Rxc6 31. Re4 Kg5 32. f3 Rd6 33. d4 Kh4 34. Kf2 Kg5 35. Re5+ Kh4 36. d5 c4 37. a4 a6 38. Rf5 b5 39. axb5 axb5 40. Re5 b4 41. cxb4 Rb6 42. Re2 Rxb4 43. d6 Rb7 44. Rd2 Rd7 45. Rd5 1-0

[Event "Ungdoms-DM U14 2025"]
[Site "Odense"]
[Date "2025.09.27"]
[Round "2"]
[White "Khandelia, Atharva"]
[Black "Ravikumar, Hanesh"]
[Result "0-1"]
[WhiteElo "1697"]
[BlackElo "1969"]
[WhiteFideId "1473255"]
[BlackFideId "1481878"]
[EventDate "2025.09.26"]
[EventType "swiss"]
[EventRounds "5"]
[EventCountry "DEN"]
[SourceTitle "Turneringssystemet"]

1. f4 c5 2. Nf3 Nc6 3. e3 g6 4. Nc3 Bg7 5. b3 d6 6. Bb2 Nf6 7. Rb1 O-O 8. Be2 e5 9. fxe5 dxe5 10. e4 Re8 11. O-O Nd4 12. Bc4 Bg4 13. Be2 Bxf3 14. Bxf3 Qd7 15. d3 Rad8 16. Ne2 b5 17. Nxd4 cxd4 18. Bc1 Rc8 19. Bg5 Qc6 20. Rf2 h6 21. Bxf6 Bxf6 22. Bg4 Rc7 23. Qe1 Bg5 24. Re2 Qc3 25. Qg3 Qa5 26. Ra1 Qc3 27. Rb1 Qa5 28. Ra1 Rc5 29. h4 Be3+ 30. Kh1 Qc7 31. Qf3 Re7 32. c4 bxc4 33. bxc4 Qb6 34. Qf1 Rb7 35. Ree1 Qd8 36. g3 h5 37. Bd1 Rc6 38. Bb3 Rf6 39. Qh3 a5 40. Rab1 Bf2 41. Rf1 a4 42. Bxa4 Rxb1 43. Rxb1 Qa5 44. Bb3 Qd2 45. Rd1 Qe3 46. Rf1 Qxd3 47. Qg2 Qe3 48. Kh2 Bxg3+ 49. Kh1 Rxf1+ 50. Qxf1 Qxe4+ 51. Qg2 Qxg2+ 52. Kxg2 Be1 53. c5 Ba5 54. Kf3 Kf8 55. Ke4 f6 56. Kd5 Ke7 57. c6 0-1

[Event "Ungdoms-DM U14 2025"]
[Site "Odense"]
[Date "2025.09.27"]
[Round "2"]
[White "Fyhn, Buster Hulthin"]
[Black "Johansen, Matti Gormsen"]
[Result "1-0"]
[WhiteElo "1918"]
[BlackElo "1200"]
[WhiteFideId "1481800"]
[BlackFideId ""]
[EventDate "2025.09.26"]
[EventType "swiss"]
[EventRounds "5"]
[EventCountry "DEN"]
[SourceTitle "Turneringssystemet"]

1. e4 e5 2. Nf3 Nc6 3. Bb5 a6 4. Ba4 Nf6 5. d3 Bc5 6. Bxc6 bxc6 7. Nxe5 O-O 8. O-O Re8 9. Nf3 d5 10. e5 Nd7 11. d4 Bb6 12. Re1 c5 13. c3 h6 14. Bf4 a5 15. h3 Ba6 16. Nbd2 c6 17. Nb3 c4 18. Nbd2 c5 19. Nf1 Ra7 20. Qd2 Re6 21. Rad1 Rb7 22. Re2 a4 23. Ne3 Nf8 24. dxc5 Ng6 25. Nxd5 Rd7 26. Bh2 Bxc5 27. Nf6+ gxf6 28. Qxd7 Qe8 29. Qxe8+ Rxe8 30. Kf1 Be7 31. exf6 Rd8 32. Rxd8+ Bxd8 33. Re8+ Nf8 34. Rxd8 Bb7 35. Bd6 Be4 36. Rxf8+ Kh7 37. Ne5 Bd3+ 38. Nxd3 cxd3 39. Rxf7+ Kg6 40. Rf8 d2 41. Ke2 d1=Q+ 42. Kxd1 a3 43. Bxa3 h5 44. c4 Kg5 45. f7 Kg6 46. Be7 h4 47. c5 Kg7 48. c6 Kg6 49. c7 Kg7 50. c8=Q Kg6 51. Qg4+ Kh7 52. Rh8+ Kxh8 53. Qg8# 1-0

[Event "Ungdoms-DM U14 2025"]
[Site "Odense"]
[Date "2025.09.27"]
[Round "2"]
[White "Mortensen, Philip"]
[Black "Bekmukhanov, Sauran"]
[Result "0-1"]
[WhiteElo "1612"]
[BlackElo "1914"]
[WhiteFideId "1483692"]
[BlackFideId "1472844"]
[EventDate "2025.09.26"]
[EventType "swiss"]
[EventRounds "5"]
[EventCountry "DEN"]
[SourceTitle "Turneringssystemet"]

1. e4 e5 2. Nf3 Nc6 3. Bb5 Nf6 4. O-O Nxe4 5. Re1 Nd6 6. Nxe5 Be7 7. Nxc6 dxc6 8. Ba4 O-O 9. d4 Bf5 10. Bf4 Bf6 11. c3 Qd7 12. Nd2 Rfe8 13. Qf3 h6 14. d5 Nb5 15. Be3 Kh7 16. c4 Bg4 17. dxc6 bxc6 18. Qg3 Nd4 19. Bxd4 Bxd4 20. h3 Bh5 21. Nf3 Bxb2 22. Rad1 Rxe1+ 23. Rxe1 Re8 24. Rxe8 Qxe8 25. Qxc7 Bxf3 26. gxf3 Bd4 27. Qg3 Qe6 28. Bb3 c5 29. Kg2 Qe2 30. Qh4 f5 31. f4 Qe4+ 32. Kg1 g5 33. Qg3 gxf4 34. Qh4 Kg6 35. Ba4 Bf6 36. Bc6 Qe1+ 37. Kg2 Bxh4 0-1

[Event "Ungdoms-DM U14 2025"]
[Site "Odense"]
[Date "2025.09.27"]
[Round "2"]
[White "Borgesen, Asmund Bech"]
[Black "Nielsen, Johannes Smedegaard"]
[Result "1/2-1/2"]
[WhiteElo "1575"]
[BlackElo "1664"]
[WhiteFideId "1480367"]
[BlackFideId "1472860"]
[EventDate "2025.09.26"]
[EventType "swiss"]
[EventRounds "5"]
[EventCountry "DEN"]
[SourceTitle "Turneringssystemet"]

1. e4 e6 2. Nf3 c5 3. d4 cxd4 4. Nxd4 Nc6 5. Nc3 Bb4 6. Nxc6 Bxc3+ 7. bxc3 bxc6 8. Bd3 d5 9. O-O Ne7 10. Qg4 Ng6 11. Ba3 e5 12. Qg3 Qa5 13. Bb4 Qc7 14. Rfe1 c5 15. Bb5+ Kd8 16. Ba3 Qa5 17. c4 d4 18. Bc6 Rb8 19. Bd5 f6 20. Rab1 Bb7 21. Rf1 Kc7 22. Rxb7+ Rxb7 23. Bxb7 Kxb7 24. Qb3+ Kc6 25. Rb1 Qa6 26. Qb5+ Qxb5 27. Rxb5 Nf4 28. Rxc5+ Kb6 29. Kf1 a6 30. g3 Ne6 31. Rd5 Rc8 32. Rd6+ Rc6 33. Rxc6+ Kxc6 34. Ke2 Nc5 35. f3 g6 36. Bxc5 Kxc5 37. Kd3 a5 38. a3 Kc6 39. c3 dxc3 40. Kxc3 Kc5 41. f4 g5 42. fxe5 fxe5 43. Kd3 h6 44. g4 Kc6 45. Kc3 Kc5 46. a4 Kc6 47. Kd3 Kd6 48. Kc3 Kc5 49. h3 Kc6 50. Kc2 Kb6 51. Kb3 Kc6 52. Kc2 Kd6 53. Kd3 Kc5 54. Kc3 1/2-1/2

[Event "Ungdoms-DM U14 2025"]
[Site "Odense"]
[Date "2025.09.27"]
[Round "2"]
[White "Vishart Lang, Dexter"]
[Black "Waage, Sixten Storm"]
[Result "0-1"]
[WhiteElo "1500"]
[BlackElo "1426"]
[WhiteFideId ""]
[BlackFideId ""]
[EventDate "2025.09.26"]
[EventType "swiss"]
[EventRounds "5"]
[EventCountry "DEN"]
[SourceTitle "Turneringssystemet"]

1. e4 e5 2. Nf3 Nc6 3. Bc4 Nf6 4. Ng5 d5 5. exd5 Nxd5 6. Nxf7 Kxf7 7. Qf3+ Qf6 8. Bxd5+ Ke8 9. Bxc6+ Qxc6 10. Qh5+ Kd8 11. d3 Qxg2 12. Bg5+ Be7 13. Bxe7+ Kxe7 14. Qxe5+ Kd8 15. Rf1 Re8 16. Qxe8+ Kxe8 17. Nd2 Bd7 18. O-O-O Kf8 19. f4 Re8 20. f5 Qd5 21. f6 gxf6 22. Rxf6+ Ke7 23. Rh6 Kd8 24. Ne4 Rxe4 25. dxe4 Qg5+ 26. Rd2 Qxh6 27. e5 Ke7 0-1

[Event "Ungdoms-DM U14 2025"]
[Site "Odense"]
[Date "2025.09.27"]
[Round "2"]
[White "Jensen, Helena Egilstrod"]
[Black "Perapechka, Daniil"]
[Result "1/2-1/2"]
[WhiteElo "1329"]
[BlackElo "1491"]
[WhiteFideId "1484591"]
[BlackFideId "1485652"]
[EventDate "2025.09.26"]
[EventType "swiss"]
[EventRounds "5"]
[EventCountry "DEN"]
[SourceTitle "Turneringssystemet"]

1. e4 e5 2. Nf3 Nc6 3. Bc4 Bc5 4. d3 d6 5. Nc3 Nf6 6. Bg5 h6 7. Bxf6 Qxf6 8. Nd5 Qd8 9. O-O Bg4 10. h3 Bh5 11. c3 O-O 12. d4 exd4 13. Be2 dxc3 14. bxc3 Re8 15. Qa4 Bg6 16. Rab1 Bxe4 17. c4 Bxb1 18. Rxb1 Rxe2 19. Rf1 Nd4 20. Nxd4 Bxd4 21. Qd1 Re4 22. Qc2 Re8 23. Qd3 c5 24. Nf4 Qg5 25. Nd5 Re4 26. Qxe4 Qe5 27. Qb1 b6 28. Re1 Qh5 29. Re7 Qh4 30. Qf5 Bf6 31. Re4 Qg5 32. Nxf6+ Qxf6 33. Qg4 Kf8 34. Rf4 Qa1+ 35. Kh2 Qe5 36. g3 Re8 37. Qf3 Re7 38. Qg4 Qg5 1/2-1/2

[Event "Ungdoms-DM U14 2025"]
[Site "Odense"]
[Date "2025.09.27"]
[Round "3"]
[White "Ravikumar, Hanesh"]
[Black "Sandmann, Villads Majvang"]
[Result "0-1"]
[WhiteElo "1969"]
[BlackElo "2178"]
[WhiteFideId "1481878"]
[BlackFideId "1472313"]
[EventDate "2025.09.26"]
[EventType "swiss"]
[EventRounds "5"]
[EventCountry "DEN"]
[SourceTitle "Turneringssystemet"]

1. c4 e5 2. g3 c6 3. d4 e4 4. Nc3 d5 5. Bg2 Nf6 6. Bg5 Nbd7 7. cxd5 cxd5 8. Nh3 h6 9. Bf4 Nb6 10. O-O Bd6 11. Bxd6 Qxd6 12. f3 exf3 13. Rxf3 O-O 14. Nf4 Re8 15. h3 Bd7 16. b3 Rac8 17. Rc1 Ne4 18. Re3 Nxg3 19. Rxg3 Qxf4 20. Rf3 Qg5 21. a4 Re3 22. h4 Qe7 23. Qd2 Rxf3 24. exf3 Qxh4 25. a5 Na8 26. Re1 Nc7 27. f4 Bh3 28. Bxh3 Qxh3 29. Re2 Qf5 30. Re5 Qg4+ 31. Kf2 Qh3 32. Qe3 Qh2+ 33. Kf1 Qh1+ 34. Ke2 Qg2+ 35. Kd3 Na6 36. Re8+ Rxe8 37. Qxe8+ Kh7 38. Qxf7 Nb4+ 39. Ke3 Qc2 40. Nb5 Qxb3+ 41. Kf2 Nd3+ 42. Ke2 Nxf4+ 43. Qxf4 Qxb5+ 44. Ke3 Qe8+ 45. Kd2 Qe4 46. Qf2 b5 47. axb6 axb6 48. Kc3 h5 49. Qh2 Qe3+ 50. Kc2 Qe4+ 51. Kc3 g6 52. Qc7+ Kh6 53. Qxb6 h4 54. Qf6 Kh5 55. Qh8+ Kg4 56. Qc8+ Qf5 57. Qc7 g5 58. Qh2 Qf4 59. Qa2 Qe3+ 60. Kb4 Qxd4+ 61. Kb5 Qc4+ 0-1

[Event "Ungdoms-DM U14 2025"]
[Site "Odense"]
[Date "2025.09.27"]
[Round "3"]
[White "Fyhn, Buster Hulthin"]
[Black "Ahl, Eskil Rosenlund"]
[Result "1/2-1/2"]
[WhiteElo "1918"]
[BlackElo "1898"]
[WhiteFideId "1481800"]
[BlackFideId "1481789"]
[EventDate "2025.09.26"]
[EventType "swiss"]
[EventRounds "5"]
[EventCountry "DEN"]
[SourceTitle "Turneringssystemet"]

1. e4 c5 2. Nf3 e6 3. c3 Nf6 4. e5 Nd5 5. g3 Nc6 6. Bg2 d6 7. exd6 Bxd6 8. O-O O-O 9. Qe2 Bd7 10. Rd1 Rc8 11. d4 cxd4 12. Nxd4 Nxd4 13. Rxd4 Qf6 14. Rd1 b5 15. Nd2 Qd8 16. Nf1 Bc6 17. Be3 Nxe3 18. Nxe3 Bxg2 19. Nxg2 Qb6 20. a3 Rfd8 21. Rd2 a6 22. Rad1 Be7 23. Ne1 Rxd2 24. Rxd2 Rd8 25. Rxd8+ Qxd8 26. Qd3 Qxd3 27. Nxd3 Bd6 28. Nb4 Bxb4 29. axb4 Kf8 30. f3 Ke7 31. Kf2 Kd6 32. Ke3 f6 33. h4 h5 34. g4 g6 35. gxh5 gxh5 36. Ke4 Kc6 37. b3 Kd6 38. c4 bxc4 39. bxc4 Kc6 40. Kd4 Kb6 41. f4 a5 42. bxa5+ Kxa5 43. Kc5 e5 44. fxe5 fxe5 45. Kd5 Kb4 46. c5 e4 47. c6 e3 48. c7 e2 49. c8=Q e1=Q 50. Qc5+ Kb3 51. Qc4+ Kb2 52. Qd4+ Qc3 53. Qf2+ Kb3 54. Qb6+ Kc2 55. Qc5 Kb3 56. Qxc3+ Kxc3 57. Kc5 Kd3 58. Kd5 Kc3 59. Ke5 Kd3 60. Kf4 Kd4 61. Kg5 Ke5 62. Kg6 Kf4 63. Kxh5 Kf5 64. Kh6 1/2-1/2

[Event "Ungdoms-DM U14 2025"]
[Site "Odense"]
[Date "2025.09.27"]
[Round "3"]
[White "Bekmukhanov, Sauran"]
[Black "Kamal, Yogasimman"]
[Result "1-0"]
[WhiteElo "1914"]
[BlackElo "1830"]
[WhiteFideId "1472844"]
[BlackFideId "1477196"]
[EventDate "2025.09.26"]
[EventType "swiss"]
[EventRounds "5"]
[EventCountry "DEN"]
[SourceTitle "Turneringssystemet"]

1. e4 e6 2. d4 d5 3. Nd2 c5 4. c3 Nc6 5. Ngf3 Nf6 6. Bd3 cxd4 7. cxd4 dxe4 8. Nxe4 Be7 9. O-O O-O 10. Bf4 Nxd4 11. Nxd4 Qxd4 12. Qc2 Nd5 13. Bd2 Bd7 14. Rad1 Qa4 15. b3 Qc6 16. Nc3 Nxc3 17. Bxc3 f5 18. Rfe1 Rac8 19. Bc4 b5 20. Rxd7 bxc4 21. Rxe7 1-0